Digital signal processing and applications. (2nd ed.) (Record no. 40190)

MARC details
000 -LEADER
fixed length control field 00676nam a2200181 a 4500
008 - FIXED-LENGTH DATA ELEMENTS--GENERAL INFORMATION
fixed length control field 090313s2004 ||||||||||||||||| || u
020 ## - INTERNATIONAL STANDARD BOOK NUMBER
International Standard Book Number 0750663448
050 ## - LIBRARY OF CONGRESS CALL NUMBER
Classification number TK 7868.D5 Str
100 ## - MAIN ENTRY--PERSONAL NAME
Personal name Stranneby, Dag
245 10 - TITLE STATEMENT
Title Digital signal processing and applications. (2nd ed.)
Statement of responsibility, etc. Dag Stranneby, William Walker
250 ## - EDITION STATEMENT
Edition statement 2nd ed.
260 ## - PUBLICATION, DISTRIBUTION, ETC.
Place of publication, distribution, etc. Oxford:
Name of publisher, distributor, etc. Newnes
Date of publication, distribution, etc. 2004
300 ## - PHYSICAL DESCRIPTION
Extent x,357p.: ill.
350 ## - PRICE (NR) (BK AM CF MU VM SE) [OBSOLETE]
Price 0.00
650 ## - SUBJECT ADDED ENTRY--TOPICAL TERM
Topical term or geographic name entry element SIGNAL PROCESSING--DIGITAL TECHNIQUES
700 ## - ADDED ENTRY--PERSONAL NAME
Personal name Walker, William
995 ## - RECOMMENDATION 995 [LOCAL, UNIMARC FRANCE]
-- 0.00
-- CBU-MAIN LIBRARY (Kitwe)
-- 1
-- 0.00
-- 1
-- AVAILABLE
-- Mar 30, 2009
-- Main Library Open Access Collection
Holdings
Withdrawn status Lost status Source of classification or shelving scheme Damaged status Not for loan Home library Current library Shelving location Date acquired Total Checkouts Full call number Barcode Date last seen Price effective from Koha item type
          CBU-MAIN LIBRARY, KITWE. CBU-MAIN LIBRARY, KITWE.   11/30/2022   TK 7868.D5 Str 739744 11/30/2022 11/30/2022 MONOGRAPH